[Event "Arber op 7th"]
[Site "Bodenmais"]
[Date "2018.08.02"]
[Round "6"]
[White "Rempe, Jonas"]
[Black "Legemaat, Gerrit"]
[Result "1/2-1/2"]
[WhiteElo "1567"]
[BlackElo "1946"]
[PlyCount "86"]
[EventDate "2018.07.28"]
[EventType "swiss"]
[EventRounds "9"]
[EventCountry "GER"]
[SourceTitle "CBM 185 Extra"]
[Source "ChessBase"]
[SourceDate "2018.07.29"]
[SourceVersion "1"]
[SourceVersionDate "2018.07.29"]
[SourceQuality "1"]

1. e4 c5 2. Nf3 Nc6 3. Nc3 e6 4. d4 cxd4 5. Nxd4 Qb6 6. Nb3 Nf6 7. Be3 Qc7 8. Be2 a6 9. 0-0 b5 10. a3 Bb7 11. f4 d6 12. Bf3 Be7 13. Qe2 0-0 14. Qf2 Nd7 15. g4 Rfe8 16. Bg2 Rab8 17. g5 Na5 18. f5 Nxb3 19. cxb3 exf5 20. Qxf5 Ne5 21. Bd4 Bf8 22. Rac1 Qd7 23. Bxe5 Qxf5 24. Rxf5 dxe5 25. Rcf1 Bc5+ 26. Kh1 Re7 27. Nd5 Bxd5 28. exd5 Rd8 29. Rc1 Bd4 30. d6 Red7 31. Rc7 Rxc7 32. dxc7 Rc8 33. Bb7 Rxc7 34. Bxa6 Rc5 35. b4 Rd5 36. b3 g6 37. Rf1 Bb2 38. a4 Rd3 39. Bxb5 Rxb3 40. Rxf7 Rxb4 41. Rb7 Bd4 42. Rb8+ Kg7 43. Rb7+ Kg8 1/2-1/2

[Event "Arber op 7th"]
[Site "Bodenmais"]
[Date "2018.07.30"]
[Round "3"]
[White "Legemaat, Gerrit"]
[Black "Herbold, Manfred"]
[Result "1/2-1/2"]
[WhiteElo "1946"]
[BlackElo "2144"]
[PlyCount "115"]
[EventDate "2018.07.28"]
[EventType "swiss"]
[EventRounds "9"]
[EventCountry "GER"]
[SourceTitle "CBM 185 Extra"]
[Source "ChessBase"]
[SourceDate "2018.07.29"]
[SourceVersion "1"]
[SourceVersionDate "2018.07.29"]
[SourceQuality "1"]

1. d4 Nf6 2. c4 e6 3. Nc3 Bb4 4. f3 d5 5. a3 Be7 6. e3 0-0 7. cxd5 exd5 8. Bd3 Re8 9. Nge2 c5 10. 0-0 Nc6 11. Re1 a6 12. Kh1 Bd6 13. dxc5 Bxc5 14. Ng3 Be6 15. Nce2 Ne5 16. Nf4 Nxd3 17. Qxd3 Qd6 18. Bd2 Rad8 19. Rad1 Qb8 20. Ngh5 Nxh5 21. Nxh5 Qe5 22. Nf4 Qxb2 23. Rb1 Qxa3 24. Qxa3 Bxa3 25. Rxb7 Rb8 26. Reb1 Bd6 27. Kg1 Rxb7 28. Rxb7 Rb8 29. Ra7 Bc5 30. Rxa6 d4 31. Nxe6 dxe3 32. Ra1 fxe6 33. Be1 Rb2 34. h4 Bd4 35. Rc1 h5 36. Kh2 Kf7 37. Kg3 e5 38. Rc7+ Kf6 39. Rc6+ Kf5 40. Rc1 e4 41. Bc3 Be5+ 42. Bxe5 Kxe5 43. Rc4 exf3 44. gxf3 e2 45. Re4+ Kf5 46. Re8 g5 47. hxg5 Kxg5 48. Rg8+ Kf5 49. Rf8+ Kg6 50. Re8 Kg5 51. Rg8+ Kf6 52. Re8 Kf5 53. Rf8+ Ke5 54. Kf2 h4 55. Rh8 e1Q+ 56. Kxe1 Kf4 57. Rxh4+ Kxf3 58. Rh3+ 1/2-1/2

[Event "Arber op 4th"]
[Site "Bayerisch Eisenstein"]
[Date "2015.08.04"]
[Round "4"]
[White "Legemaat, Gerrit"]
[Black "Lang, Torsten"]
[Result "0-1"]
[WhiteElo "1953"]
[BlackElo "2332"]
[PlyCount "84"]
[EventDate "2015.08.01"]
[EventType "swiss"]
[EventRounds "9"]
[EventCountry "GER"]
[SourceTitle "EXT 2016"]
[Source "ChessBase"]
[SourceDate "2015.10.08"]
[SourceVersion "1"]
[SourceVersionDate "2015.10.08"]
[SourceQuality "1"]

1. d4 g6 2. c4 Bg7 3. Nc3 Nf6 4. e4 d6 5. Nf3 0-0 6. h3 a6 7. Bg5 c6 8. a4 a5 9. Be2 Na6 10. 0-0 Nd7 11. Qd2 Re8 12. Rfd1 Qc7 13. Ra3 Nb4 14. Na2 Nxa2 15. Rxa2 e5 16. d5 Nc5 17. Qc2 f5 18. Nd2 Na6 19. Qb3 c5 20. f3 Nb4 21. Raa1 f4 22. Nf1 Rf8 23. Bh4 Bf6 24. Be1 Qe7 25. Qc3 Bh4 26. Bd3 Bd7 27. b3 Rf7 28. Rab1 Rg7 29. Rb2 h5 30. Bb1 Kf7 31. Kh2 Bxe1 32. Qxe1 Rf8 33. Bd3 Ke8 34. Be2 Rh8 35. Nd2 g5 36. Nb1 g4 37. Bf1 Qg5 38. Bd3 Rhg8 39. fxg4 hxg4 40. hxg4 Bxg4 41. Rdd2 Rh8+ 42. Kg1 Rgh7 0-1

[Event "Geraardsbergen op 27th"]
[Site "Geraardsbergen"]
[Date "2011.08.12"]
[Round "3"]
[White "Tonoli, Walter"]
[Black "Legemaat, Gerrit"]
[Result "1/2-1/2"]
[WhiteElo "2191"]
[BlackElo "1942"]
[PlyCount "58"]
[EventDate "2011.08.11"]
[EventType "swiss"]
[EventRounds "9"]
[EventCountry "BEL"]
[SourceTitle "CBM 144 Extra"]
[Source "ChessBase"]
[SourceDate "2011.10.28"]
[SourceVersion "1"]
[SourceVersionDate "2011.10.28"]
[SourceQuality "1"]

1. c4 f5 2. Nc3 Nf6 3. e4 fxe4 4. d3 e5 5. g4 Bc5 6. g5 0-0 7. gxf6 Bxf2+ 8. Kd2 e3+ 9. Kc2 Qxf6 10. Nd5 Qd6 11. Be2 Nc6 12. Bxe3 Bxe3 13. Nxe3 Nd4+ 14. Kb1 b5 15. Bf1 Bb7 16. Bg2 Bxg2 17. Nxg2 Qc6 18. Ne2 Qxg2 19. Nxd4 exd4 20. Rg1 Qh3 21. cxb5 Kh8 22. a3 Rab8 23. a4 c6 24. bxc6 dxc6 25. Qc2 Rf1+ 26. Rxf1 Qxf1+ 27. Ka2 Qf7+ 28. b3 g5 29. Re1 Kg7 1/2-1/2